logo

Bir Sreshtho Munshi Abdur Rouf Library
Jhenaidah Cadet College

The North African war / (Record no. 7482)

MARC details
000 -LEADER
fixed length control field 00783nam a2200253 i 4500
001 - CONTROL NUMBER
JCCL Control Number 7482
003 - CONTROL NUMBER IDENTIFIER
JCCL marc code BD-JhCC
005 - DATE AND TIME OF LATEST TRANSACTION
control field 20180210191042.0
008 - FIXED-LENGTH DATA ELEMENTS--GENERAL INFORMATION
fixed length control field 761005s1976 enkabc b 001 0 eng
020 ## - INTERNATIONAL STANDARD BOOK NUMBER
International Standard Book Number 0283982403 :
Terms of availability £6.50
035 ## - SYSTEM CONTROL NUMBER
system control number (BD-JhCC)7482
040 ## - CATALOGING SOURCE
Original cataloging agency DLC
Transcribing agency DLC
Modifying agency DLC
-- BD-JhCC
041 ## - LANGUAGE CODE
Language code of Book eng
050 00 - LIBRARY OF CONGRESS CALL NUMBER
Classification number D766.82
Item number .T85 1976b
082 00 - DEWEY DECIMAL CLASSIFICATION NUMBER
Classification number 940.54/23
Author mark and Year TUT 1976
100 1# - MAIN ENTRY--PERSONAL NAME
Personal name Tute, Warren.
245 14 - TITLE STATEMENT
Title The North African war /
Statement of responsibility, etc [by] Warren Tute ; foreword by Manfred Rommel.
260 ## - PUBLICATION, DISTRIBUTION, ETC. (IMPRINT)
Place of publication, distribution, etc London :
Name of publisher, distributor, etc Sidgwick and Jackson,
Date of publication, distribution, etc 1976.
300 ## - PHYSICAL DESCRIPTION
Pagination 223 p. :
Other physical details ill. (some col.), maps, ports. ;
Dimensions 26 cm.
504 ## - BIBLIOGRAPHY, ETC. NOTE
Bibliography, etc Includes bibliographical references and index.
650 #0 - SUBJECT ADDED ENTRY--TOPICAL TERM
Topical term or geographic name as entry element World War, 1939-1945
General subdivision Campaigns
Geographic subdivision Africa, North.
942 ## - ADDED ENTRY ELEMENTS (KOHA)
Source of classification or shelving scheme Dewey Decimal Classification
Koha item type Books
Holdings
Source of classification or shelving scheme Damaged status Not for loan Home library Current library Shelving location Total Checkouts Full call number Barcode Date last seen Copy number Koha item type
Dewey Decimal Classification     JCC Rouf Library JCC Rouf Library General Stacks   940.54/23 TUT 1976 10114 02/10/2018 C - 1 Books

JCC Library | Contacts | JCC Home

Last Update on 23 September 2017
Copyright @ 2017-2020 JCC Rouf Library
Rouf Library, Jhenidah Cadet College (JCC), Bangladesh